Central Library OPAC University of Rajshahi

Explaining Aggression and violence : (Record no. 57268)

MARC details
000 -LEADER
fixed length control field 00664nam a2200217 a 4500
001 - CONTROL NUMBER
control field 57268
003 - CONTROL NUMBER IDENTIFIER
rucl marc code BD-RjUL
005 - DATE AND TIME OF LATEST TRANSACTION
control field 20211209080505.0
008 - FIXED-LENGTH DATA ELEMENTS--GENERAL INFORMATION
fixed length control field 161207s1993 bg||||| |||| 00| 0 eng d
035 ## - SYSTEM CONTROL NUMBER
System control number (BD-RjUL)57392
040 ## - CATALOGING SOURCE
Original cataloging agency BD-RjUL
Language of cataloging eng
Transcribing agency BD-RjUL
041 ## - LANGUAGE CODE
Language code of text/sound track or separate title eng
082 ## - DEWEY DECIMAL CLASSIFICATION NUMBER
Edition number 23
Classification number 302.54
Author mark and year BEE 1993
100 1# - MAIN ENTRY--PERSONAL NAME
Personal name Begum, Feroza
9 (RLIN) 170059
245 10 - TITLE STATEMENT
Title Explaining Aggression and violence :
Remainder of title a probe into social psychological factors /
Statement of responsibility, etc. Feroza Begum, Hamida Akhtar begum
260 ## - PUBLICATION, DISTRIBUTION, ETC. (IMPRINT)
Place of publication, distribution, etc. Dhaka :
Name of publisher, distributor, etc. Social Vision,
Date of publication, distribution, etc. 1993
300 ## - PHYSICAL DESCRIPTION
Pagination 116 p. :
Illustrations ill. ;
Size 19 cm
650 ## - SUBJECT ADDED ENTRY--TOPICAL TERM
Topical term or geographic name as entry element Aggression
9 (RLIN) 170708
700 ## - ADDED ENTRY--PERSONAL NAME
Personal name Begum, Hamida Akhtar
942 ## - ADDED ENTRY ELEMENTS (KOHA)
Source of classification or shelving scheme Dewey Decimal Classification
Koha item type Books
Holdings
Lost status Source of classification or shelving scheme Damaged status Not for loan Collection code Permanent Location Current Location Shelving location Date acquired Source of acquisition Cost, normal purchase price Total Checkouts Full call number Date last seen Copy number Koha item type
  Dewey Decimal Classification   Not For Loan Non-fiction Central Library, University of Rajshahi Central Library, University of Rajshahi Reading Room 21/08/1996 Netherland 70.00   302.54 BEE 1993 07/12/2016 C-1 Books